000
00311nam a22001337a 4500
082
_a
894.812.3
_b
KUR/P
100
_a
KURUMBAKARA,MAJEED
245
_a
PINNEYUM MAZHA
250
_a
FIRST
260
_a
TRIVANDRUM
_b
MAJEED KURUMBAKARA
_c
1992
300
_a
79
650
_a
SHORT STORY MALAYALAM
_z
KERALA
942
_c
BK
999
_c
1255
_d
1255